000 02031cam a22002175a 4500
001 L155164
008 120307s1636 xxk f 000 0 eng d
035 _a(Sirsi) u155164
041 0 _aeng
100 1 _aBlundeville, Thomas
_dfl. 1561
245 0 0 _aMr. Blundevil his exercises
_bcontayning eight treatises, the titles whereof are set down in the next printed page. Which treatises are very necessary to be read and learned of all young gentlemen, that have not been exercised in such disciplines, and yet are desirous to have knowledge as well in cosmographie, astronomie, and geographie, as also in the art of navigation, in which art it is impossible to profit without the help of these or such like instructions. To the furtherance of which art of navigation, the said Mr. Blundevil specially wrote the said treatises, and of meere good will doth dedicate the same to all young gentlemen of this realme
250 _aThe seventh edition
_bcorrected and somewhat enlarged by Ro. Hartwell philomathematicus
260 _aLondon
_bPrinted by Richard Bishop, and are to be sold by Benjamin Allen at the signe of the Flowerdeluce in Popes-head Alley
_c1636
300 _a[7], 131, [2], 132-799, [1] p., 5 folded plates
_bill., map
_c4o
520 _a"A briefe description of the tables of three speciall right lines belonging to a circle, called sines, tangents, and secants", "A plaine description of Mercator his two globes", "A plaine and full description of Petrus Plancius his universall map", "A very briefe and most plaine description of Mr Blagrave his astrolabe", and "A briefe description of universall maps and cards" each have separate dated title page; "A plaine treatise of the first principles of cosmography" and "A nevv and necessary treatise of navigation" each have separate title page; foliation and register are continuous.
583 _aCondition reviewed
_c20120620
_lcondition level 1
651 4 _aGreat Britain
_y1707-
690 _aMeasurement
_96256
700 1 _aHartwell, Robert
_eed.
942 _n0
999 _c113360
_d113360